MARC детайли
| 000 -Лидер |
| Контролно поле с фиксирана дължина |
03525nam a2200397 a 4500 |
| 003 - Код на организацията, давaща контролен номер |
| Контролно поле |
BLK |
| 005 - Дата и час на последна редакция |
| Контролно поле |
20241216133907.0 |
| 008 - Елементи от данни с фиксирана дължина |
| fixed length control field |
220920b bu |||||r|||| 00| | bu d |
| 020 ## - Международен стандартен номер на книга ISBN |
| Международен стандартен номер на книга ISBN |
9789540758404 |
| 040 ## - Източник на каталожния запис |
| Идентификатор на билиотеката - собственик на записа |
BLK |
| 041 ## - Код за език |
| Код за езика на текст/звукозапис или на отделно заглавие |
Български |
| Код за езика КДБФ |
Български |
| 080 ## - УДК |
| Текстов определител УДК |
Библиотечно дело. Библиотекознание - Теория на библиотечното дело. Общи въпроси на библиотекознанието |
| УДК код - определител по УДК |
02 |
| УДК - код + определител |
02(497.2)(092)(062) |
| 080 ## - УДК |
| Текстов определител УДК |
Панчева, Цветанка Христова |
| УДК код - определител по УДК |
929 Панчева, Цветанка Христова |
| УДК - код + определител |
929 Панчева, Цветанка Христова |
| 080 ## - УДК |
| Текстов определител УДК |
История на цивилизацията. История на културата |
| УДК код - определител по УДК |
930.85 |
| УДК - код + определител |
930.85:004(497.2)(062) |
| 139 ## - Редно поле |
| Авторски знак |
Панч - П 20 |
| 245 ## - Сведения за заглавието |
| Заглавие |
Библиотеките, културното наследство и паметта |
| Подзаглавни данни |
сборник в чест на проф. дн Цветанка Панчева |
| Редно поле (дума) |
състав., увод Ели Попова ; науч. ред. Милена Миланова |
| 260 ## - Област на издателските данни |
| 9 (RLIN) |
209716 |
| Място на издаване, разпространение и проч. |
София |
| Име на издателя, разпространителя и проч. |
Унив. изд. Св. Климент Охридски |
| Година на издаване |
2023 |
| Издателство - префикс ISBN |
978-954-07- ; 954-9399- |
| 300 ## - Физическа характеристика |
| Страници |
479 с. |
| Илюстрации и др. |
с табл., диагр. |
| Размери/Мащаб |
24 см |
| 380 ## - Жанр |
| Жанр |
Общ отдел |
| 490 ## - СЕРИИ (Колекции) |
| 9 (RLIN) |
456707 |
| Име на серия |
Книга-информация-общество |
| №: серия |
№ 5 |
| 500 ## - Общи забележки |
| Забележка |
Загл. на англ. ез.: Libraries, cultural heritage and memory<br/>Рец. Боряна Христова, Оля Харизанова<br/>Съдържа статии от: Анета Дончева, Антоанета Тотоманова, Елена Янакиева, Нина Шуманова, Вили Томова, Живка Радева, Савина Цонева, Искра Михайлова, Силвия Станчева, Милена Миланова, Биляна Яврукова, Дарина Илиева-Петрова, Елица Лозанова-Белчева, София Пейчева, Събина Анева, Ваня Грашкина-Минчева, Георги Петров, Оля Харизанова, Орлин Илиев, Ели Попова, Надя Карачоджукова, Снежана Коларова, Таня Тодорова, Боряна Христова, Стоянкя Кендерова, Людмила Т. Димитрова<br/>Списък на авторите: с. 461-462<br/>Библиогр. в края на отд. статии<br/>Рез. на бълг. и англ. ез. |
| 505 ## - Форматирана забележка |
| Заглавие |
Съдържа и: Библиография но публикациите на проф. дн Цветанка Панчева / Весела Цокева: с. 44-73. |
| 600 #0 - Име на лице, използвано като предмет |
| 9 (RLIN) |
371495 |
| За него / За нея |
Панчева, Цветанка Христова |
| 650 #0 - Допълнително описание по предмет – тема |
| 9 (RLIN) |
298170 |
| Основно описание – тема или топоним |
Библиотеки - роля и значение - конгреси, конференции, съвещания |
| 650 #7 - Допълнително описание по предмет – тема |
| 9 (RLIN) |
159973 |
| Основно описание – тема или топоним |
Културно-историческо наследство - България |
| 650 #0 - Допълнително описание по предмет – тема |
| 9 (RLIN) |
285770 |
| Основно описание – тема или топоним |
Библиотечни фондове - дигитализация |
| 700 ## - Други автори (авторска отговорност) |
| 9 (RLIN) |
401238 |
| Лично име |
Попова, Ели Драганова |
| 700 1# - Други автори (авторска отговорност) |
| 9 (RLIN) |
95520 |
| Лично име |
Миланова, Милена Миланова |
| 700 ## - Други автори (авторска отговорност) |
| 9 (RLIN) |
347583 |
| Лично име |
Цокева, Весела Костадинова |
| 852 ## - Местоположение |
| Фондова буква |
Методичен отдел |
| Систематично-азбучна сигнатура |
БМ 02/П 20 Ц |
| 856 ## - Електронен адрес и достъп |
| Инструкция (цена за достъп) |
0.00 |
| Права за достъп |
disable |
| 942 ## - АРТИКУЛИ |
| Вид на библиотечния материал |
Книги |
| Скрит в OPAC |
Не |
| Периодичен библиозапис |
Да |
| Koha issues (borrowed), all copies |
5 |
| 944 ## - СЪЗДАВАНЕ И РЕДАКЦИЯ на ЗАПИСА |
| Дата на регистрацията/редакция |
Нора Радева |
| Служител, извършил регистрацията/редакцията |
30529 |
| Статус, дата на статуса |
Диана Гривева |
| 999 ## - СИСТЕМНИ КОНТРОЛНИ НОМЕРА |
| Koha biblionumber |
505410 |
| Koha biblioitemnumber |
505410 |
| 999 ## - СИСТЕМНИ КОНТРОЛНИ НОМЕРА |
| Koha biblioitemnumber |
505410 |
| 999 ## - СИСТЕМНИ КОНТРОЛНИ НОМЕРА |
| Koha biblioitemnumber |
473753 |